Sensores remotos: procedimiento estadístico de clasificación de vectores por ubicación en unidades de variable reducida /
Guardado en:
| Autor Principal: | |
|---|---|
| Otros Autores: | |
| Formato: | Libro |
| Idioma: | Spanish |
| Publicado: |
Bahía Blanca :
Universidad Nacional del Sur. Departamento de Ciencias Agrarias,
1982.
|
| Series: | Hidrología y sensores remotos, 6
|
| Etiquetas: |
Agregar Etiqueta
Sin Etiquetas, Sea el primero en etiquetar este registro!
|
| LEADER | 00668nam a22001575a 4500 | ||
|---|---|---|---|
| 001 | EUN.um041501 | ||
| 008 | 041125s1982####ag#a##########000#0#spa#d | ||
| 005 | 20090408122314.0 | ||
| 245 | 1 | 0 | |a Sensores remotos: procedimiento estadístico de clasificación de vectores por ubicación en unidades de variable reducida / |c Jorge A. Luque, J. D. Paoloni. |
| 260 | |a Bahía Blanca : |b Universidad Nacional del Sur. Departamento de Ciencias Agrarias, |c 1982. | ||
| 300 | |a 11 p. : |b ilus. ; |c 28 cm.. | ||
| 490 | 0 | |a Hidrología y sensores remotos, 6 | |
| 100 | 1 | |a Luque, Jorge Alfredo. | |
| 700 | 1 | |a Paoloni, J. D. | |
| 082 | 0 | 4 | |a 778.3 |
| 859 | |a Ar-BaUNS |b BIB. CENTRAL - Sector C |h 778.3 |i L974 |p 88961/982 | ||
